000 00648nam a2200229 a 4500
008
020 _a0340610468 (pbk.)
040 _aMAIN
_cNUST
_c(46967)
090 _aQA805
_bCOL
100 1 _aCollinson, C. D.
245 1 0 _aParticle mechanics /
_cC.D. Collinson, T. Roper.
260 _aLondon :
_bEdward Arnold ,
_c1995.
300 _avi, 208 p. :
_bill. ;
_c25 cm.
440 _aModular mathematics series.
500 _aIncludes index.
700 _aRoper, T.
907 _a.b10158704
_b18-07-13
_c10-03-05
003
005 20230123122023.0
049 _aMAIN
942 _cBOOKS
_kQA805
_mCOL
999 _c126424
_d126424